00446nam a2200157 i 4500001000700000003000900007007000300016008004100019100003400060245006000094260003400154300002200188490003000210830002700240852002100267124517ES-MaACLt|070329s1930 sp ||||1| spa d1 aBarnés, Domingo,d1879-194013aLa educación de la adolescencia / cDomingo Barnés. aBarcelona : bLabor, c[1930] a197 p. ; c17 cm.1 aColección Labor ; v24300aColección Laborv243 aES-MaACLjE-2748